| 000 | 00433nam a22001457a 4500 | ||
|---|---|---|---|
| 020 | _qHard Cover | ||
| 040 | _cRCMS | ||
| 082 |
_2 _a621.382 FLO |
||
| 100 |
_aJ. E. Flood. _997876 |
||
| 245 |
_aTelecommunications switching, traffic and networks _c Flood, J. E. |
||
| 260 |
_aNew Delhi: _bIndia Pearson Education, _c1999. |
||
| 300 | _axviii, 310 p. ill | ||
| 650 |
_xTelecommunication, Switching System. _9103030 |
||
| 942 |
_2ddc _cBK |
||
| 999 |
_c592385 _d592385 |
||